LEADER 01095nam 2200385 450 001 9910155690503321 005 20230808200912.0 010 $a1-5040-4258-1 035 $a(CKB)3710000000976632 035 $a(MiAaPQ)EBC4769658 035 $a(EXLCZ)993710000000976632 100 $a20170111h20161957 uy 1 101 0 $aeng 135 $aurcnu|||||||| 181 $2rdacontent 182 $2rdamedia 183 $2rdacarrier 200 14$aThe albatross /$fCharlotte Armstrong ; cover design by Jason Gabbert 210 1$aNew York, New York :$cMysteriousPress.com :$cOpen Road Integrated Media,$d2016. 210 4$dİ1957 215 $a1 online resource (80 pages) 311 $a0-425-02314-1 606 $aWomen spies$zGreat Britain$vFiction 607 $aGreat Britain$vFiction 615 0$aWomen spies 676 $a823.914 700 $aArmstrong$b Charlotte$0438742 702 $aGabbert$b Jason 801 0$bMiAaPQ 801 1$bMiAaPQ 801 2$bMiAaPQ 906 $aBOOK 912 $a9910155690503321 996 $aThe albatross$93409952 997 $aUNINA